High tehnology, space, and society

Αποθηκεύτηκε σε:
Λεπτομέρειες βιβλιογραφικής εγγραφής
Άλλοι συγγραφείς: Castells, Manuel 1942- (Επιμελητής έκδοσης)
Μορφή: Βιβλίο
Γλώσσα:English
Δημοσίευση: Beverly Hills : Sage Publcations, 1985
Σειρά:Urban affairs annual reviews ; ; 28
Θέματα:
Ετικέτες: Προσθήκη ετικέτας
Δεν υπάρχουν, Καταχωρήστε ετικέτα πρώτοι!

MARC

LEADER 00000nam a2200000 i 4500
001 1/5566
008 960610s1985 eng d
020 |a 0-8039-2414-3 
035 |l 10016050 
040 |a GR-MY-UA  |b gre  |e aacr 
041 0 |a eng 
082 0 |a 307.76 
245 1 0 |a High tehnology, space, and society /  |c Edited by Manuel Castells 
260 |a Beverly Hills :   |b Sage Publcations,   |c 1985 
300 |a 320 p.  |b tables 
490 1 |a Urban affairs annual reviews  |v ; 28 
650 0 0 |a Technology  |x Social aspects. 
650 0 0 |a Space in economics. 
650 0 0 |a Speeches, addresses, etc. 
700 1 |a Castells, Manuel  |d 1942-  |4 edt 
830 0 |a Urban affairs annual reviews ;  |v ; 28 
852 |a INST  |b LESVOS  |e 19960610  |h 307.76 HIG  |p 005100004649  |q 005100004649  |t BK  |y 0 
909 |a Λ  |b 012002